| 000 | 00439nam a2200169Ia 4500 | ||
|---|---|---|---|
| 008 | 230917s9999||||xx |||||||||||||| ||und|| | ||
| 020 | _cRS589 | ||
| 040 |
_e258813 _aMAIN |
||
| 041 | _aEnglish | ||
| 082 | _a005.7 A44B | ||
| 100 | _aAcharya, Seema | ||
| 245 | 0 | _aBig data and analytics | |
| 260 |
_aNew Delhi _bWiley India _c2019 |
||
| 300 | _axxii, 334 p. | ||
| 500 | _a3695 04/11/2019 HBD19/8056 09/12/2019 Main Budget | ||
| 942 | _cBK | ||
| 999 |
_c33599 _d33599 |
||